5th to 8th sem BE Information science & engineering 2008 [e resource : syllabus] (Record no. 209079)
[ view plain ]
| 000 -LEADER | |
|---|---|
| fixed length control field | 00430nam a2200133Ia 4500 |
| 008 - FIXED-LENGTH DATA ELEMENTS--GENERAL INFORMATION | |
| fixed length control field | 231221s9999 xx 000 0 und d |
| 041 ## - LANGUAGE CODE | |
| Language code of text/sound track or separate title | English |
| 082 ## - DEWEY DECIMAL CLASSIFICATION NUMBER | |
| Classification number | SYBEUG08-2221 |
| 245 #0 - TITLE STATEMENT | |
| Title | 5th to 8th sem BE Information science & engineering 2008 [e resource : syllabus] |
| 260 ## - PUBLICATION, DISTRIBUTION, ETC. | |
| Date of publication, distribution, etc. | 2008 |
| Name of publisher, distributor, etc. | V T U |
| Place of publication, distribution, etc. | Belgaum |
| 650 ## - SUBJECT ADDED ENTRY--TOPICAL TERM | |
| Topical term or geographic name entry element | 5th,8th,BE,Information,2008,[e,syllabus],Information Science |
| 650 ## - SUBJECT ADDED ENTRY--TOPICAL TERM | |
| Topical term or geographic name entry element | Information Science |
| 942 ## - ADDED ENTRY ELEMENTS (KOHA) | |
| Koha item type | Digital Library |
| Date last seen | Total checkouts | Full call number | Accession number | Uniform resource identifier | Price effective from | Category | Lost status | Damaged status | Department | Withdrawn status | Home library | Current library | Shelving location | Entry date | Billdate | Currency symbol | Conversion rate | Discount | Old discount |
|---|---|---|---|---|---|---|---|---|---|---|---|---|---|---|---|---|---|---|---|
| 26/01/2024 | SYBEUG08-2221 | DL2221 | digital/syllabus/dl2221.pdf | 26/01/2024 | Digital Library | Information Science | Central Library | Central Library | Central Library | 20/01/2012 | RS | 1 |
